Elementy teorii planowania miast

Uložené v:
Podrobná bibliografia
Hlavný autor: Pietraszewski, Wojciech
Médium: Kniha
Jazyk:Polish
Vydavateľské údaje: Krakow Akademia Ekonomiczna w Krakowie 1980
Edícia:Zeszyty naukowe nr. 46
Tagy: Pridať tag
Žiadne tagy, Buďte prvý, kto otaguje tento záznam!

MARC

LEADER 00000nam a2200000 4500
001 c142776
005 20250630075522.0
041 0 |a pol 
044 |a PL 
245 1 0 |a Elementy teorii planowania miast  |c Wojciech Pietraszewski 
264 1 |a Krakow  |b Akademia Ekonomiczna w Krakowie  |c 1980 
300 |a 164 s. 
490 1 |a Zeszyty naukowe  |v nr. 46 
830 0 |a Zeszyty naukowe  |v nr. 46 
100 1 |a Pietraszewski, Wojciech